| 000 | 00907nam a22002537a 4500 | ||
|---|---|---|---|
| 999 |
_c65305 _d65305 |
||
| 005 | 20240530110817.0 | ||
| 008 | 190703s2019 ua g b 000 0 ara d | ||
| 017 |
_a11837 _bمصر. دار الكتب |
||
| 020 | _a9773270874 | ||
| 040 |
_aEG-CaGPL _cEG-CaGPL |
||
| 082 | 0 | 4 |
_221 _a111.85 / _bرف |
| 100 | 0 | _aرمضان الصباغ | |
| 245 | 1 | 2 |
_aالفن والقيم الجمالية بين المثالية والمادية / _cرمضان الصباغ |
| 250 | _aط.1 | ||
| 260 |
_aالاسكندرية : _bدار الوفاء لدنيا الطباعة و النشر، _c2019. |
||
| 300 |
_a316 ص. ؛ _c24 سم. |
||
| 504 | _aيشتمل على ارجاعات ببليوجرافية | ||
| 650 | 0 | 7 |
_2qrmak _aالجمال ( فن ) |
| 650 | 0 | 7 |
_2qrmak _aالجمال، علم |
| 650 | 0 | 7 |
_2qrmak _aالفن |
| 651 | _2qrmak | ||
| 942 |
_2ddc _cBK |
||